| 000 | 00467nam a2200193Ia 4500 | ||
|---|---|---|---|
| 003 | OSt | ||
| 005 | 20250822104612.0 | ||
| 008 | 250729s2004 xx 000 0 und d | ||
| 020 | _a978-8126121045 | ||
| 040 | _cAL | ||
| 041 | _aeng | ||
| 082 | _a510.7 SINM | ||
| 100 |
_aSingh Manpal _9221733 |
||
| 245 | _aModern teaching of mathematics | ||
| 260 |
_aNew Delhi _bAnmol Publisher _c2004 |
||
| 300 | _a390p | ||
| 650 |
_aMathematics _9221734 |
||
| 942 |
_2ddc _cBED |
||
| 999 |
_c235152 _d235152 |
||